1990s Alternative Rock Stars by Picture - Statistics

General Stats
  • This quiz has been taken 1,939 times
    274 since last reset
  • The average score is 12 of 24
Answer Stats
Picture Answer % Correct
Kurt Cobain
100%
Dave Grohl
82%
Billie Joe Armstrong
78%
Courtney Love
73%
Marilyn Manson
73%
Chris Cornell
68%
Gwen Stefani
68%
Eddie Vedder
63%
Thom Yorke
63%
Billy Corgan
58%
Layne Staley
53%
Anthony Kiedis
48%
Rivers Cuomo
45%
Michael Stipe
38%
Zack de la Rocha
37%
Scott Weiland
32%
Dolores O’Riordan
31%
Trent Reznor
30%
Chino Moreno
29%
Jonathan Davis
29%
Gavin Rossdale
19%
Daniel Johns
17%
Perry Farrell
17%
Maynard James Keenan
14%
No matching quizzes found
Score Distribution
Percent of People with Each Score
Percentile by Number Answered
Your Score History
You have not taken this quiz since the last reset